[Event "Cto Aragón Equipos  Div Honor F. Titulo"]
[Site "Aragon"]
[Date "2014.03.29"]
[Round "10.12"]
[White "Naya Sancho, Jose Ignacio"]
[Black "Labena Bernal, Antonio"]
[Result "1-0"]
[WhiteElo "2102"]
[BlackElo "2091"]
[PlyCount "75"]
[EventDate "2014.??.??"]
[WhiteTeam "Delicias"]
[BlackTeam "St. Casablanca B"]

1. e4 e5 2. Nf3 Nc6 3. Bb5 a6 4. Ba4 Nf6 5. O-O Be7 6. Re1 b5 7. Bb3 d6 8. c3
O-O 9. d4 Bg4 10. d5 Na5 11. Bc2 c6 12. dxc6 Qc7 13. Nbd2 Qxc6 14. h3 Bd7 15.
Nf1 Nb7 16. a4 Nc5 17. axb5 axb5 18. Rxa8 Rxa8 19. Bg5 Ne6 20. Bxf6 Bxf6 21.
Ne3 Nf4 22. Bb3 Be6 23. g3 Bxb3 24. Qxb3 Nd3 25. Rd1 Nc5 26. Qd5 Qxd5 27. Rxd5
Ra1+ 28. Kg2 Be7 29. Nf5 Kf8 30. Nxd6 Bxd6 31. Rxd6 Na4 32. Nxe5 Nxb2 33. Rd8+
Ke7 34. Nc6+ Kf6 35. Rd6+ Kg5 36. f4+ Kh5 37. g4+ Kh4 38. Nd4 1-0

[Event "Cto Aragón Equipos  Div Honor F. Titulo"]
[Site "Aragon"]
[Date "2014.03.29"]
[Round "10.14"]
[White "Guzman Moneo, Alberto"]
[Black "Accattato Martin, Mario"]
[Result "1-0"]
[WhiteElo "2170"]
[BlackElo "2232"]
[PlyCount "43"]
[EventDate "2014.??.??"]
[WhiteTeam "Helios"]
[BlackTeam "Jaque"]

1. e4 c5 2. Nc3 Nc6 3. Bb5 e6 4. Nf3 Nge7 5. d4 cxd4 6. Nxd4 a6 7. Bxc6 Nxc6 8.
Nxc6 bxc6 9. Qg4 d5 10. O-O Qf6 11. exd5 cxd5 12. Bg5 h5 13. Qg3 Qf5 14. Nxd5
exd5 15. Qc7 Qxg5 16. Qc6+ Ke7 17. Rae1+ Be6 18. f4 Qf5 19. Re5 Qg4 20. h3 Qh4
21. Qxa8 Kf6 22. Qd8+ 1-0

[Event "Cto Aragón Equipos  Div Honor F. Titulo"]
[Site "Aragon"]
[Date "2014.03.29"]
[Round "10.15"]
[White "Gonzalez Gambau, Jorge"]
[Black "Navarro Alonso, Jorge"]
[Result "1/2-1/2"]
[WhiteElo "2123"]
[BlackElo "2153"]
[PlyCount "54"]
[EventDate "2014.??.??"]
[WhiteTeam "Jaque"]
[BlackTeam "Helios"]

1. e4 c5 2. Nc3 e6 3. g3 d5 4. exd5 exd5 5. d3 Nf6 6. Bg5 Be7 7. Bg2 O-O 8. Nf3
Nc6 9. O-O Bg4 10. h3 Be6 11. Qd2 h6 12. Bxf6 Bxf6 13. Rfe1 b5 14. a3 Rb8 15.
Kh2 a5 16. Rab1 b4 17. axb4 axb4 18. Na4 Qd6 19. b3 Rfd8 20. Re2 Nd4 21. Nxd4
Bxd4 22. Nb2 Ra8 23. Nd1 Ra2 24. Re1 Rc8 25. Rf1 Rc7 26. Ne3 h5 27. h4 g6
1/2-1/2

[Event "Cto Aragón Equipos  Div Honor F. Titulo"]
[Site "Aragon"]
[Date "2014.03.29"]
[Round "10.16"]
[White "Cerrajeria Ruiz, Jesus Maria"]
[Black "Abos Rosico, Antonio"]
[Result "1/2-1/2"]
[WhiteElo "2140"]
[BlackElo "2073"]
[PlyCount "78"]
[EventDate "2014.??.??"]
[WhiteTeam "Helios"]
[BlackTeam "Jaque"]

1. Nf3 Nf6 2. g3 g6 3. Bg2 Bg7 4. O-O O-O 5. c4 d6 6. Nc3 e5 7. d3 Nc6 8. Bd2
h6 9. Rb1 Be6 10. b4 a6 11. a4 Qd7 12. b5 axb5 13. axb5 Na5 14. Qc2 Rfe8 15.
Ra1 Bh3 16. Bxh3 Qxh3 17. Nd5 Nxd5 18. cxd5 e4 19. Rxa5 exf3 20. exf3 Rxa5 21.
Bxa5 Re5 22. Rc1 Rh5 23. Bd2 Bd4 24. Bf4 Qxh2+ 25. Kf1 Qh1+ 26. Ke2 Qg2 27. Rf1
Rh1 28. Qc1 Rxf1 29. Qxf1 Qxf1+ 30. Kxf1 Kg7 31. Bd2 Kf6 32. f4 h5 33. Ba5 Ke7
34. Ke2 Kd7 35. Bd2 c6 36. dxc6+ bxc6 37. bxc6+ Kxc6 38. Ba5 Kb5 39. Bd8 Kc5
1/2-1/2

[Event "Cto Aragón Equipos Div.  Honor F. Desce"]
[Site "Aragon"]
[Date "2014.03.29"]
[Round "10.17"]
[White "Garcia Fernandez, Javier"]
[Black "Salamero Pelay, Fernando"]
[Result "1-0"]
[WhiteElo "2174"]
[BlackElo "2149"]
[PlyCount "79"]
[EventDate "2014.??.??"]
[WhiteTeam "Teruel"]
[BlackTeam "Club atletismo Huesca"]

1. e4 Nf6 2. e5 Nd5 3. d4 d6 4. c4 Nb6 5. f4 g6 6. Be3 Bg7 7. Nc3 Be6 8. d5 Bc8
9. exd6 exd6 10. Bd4 O-O 11. Bxg7 Kxg7 12. Qd4+ Qf6 13. O-O-O Na6 14. Qxf6+
Kxf6 15. h3 h5 16. Nf3 Bf5 17. Rg1 Rae8 18. g4 hxg4 19. hxg4 Bd7 20. Ng5 Rh8
21. Nce4+ Kg7 22. f5 Re5 23. f6+ Kg8 24. Rd4 Nc5 25. b4 Nxe4 26. Nxe4 Rh4 27.
Nc3 Rxg4 28. Rdxg4 Bxg4 29. Nb5 Be2 30. Bxe2 Rxe2 31. Rg4 Rxa2 32. Nxc7 Ra4 33.
Re4 Nd7 34. Re8+ Kh7 35. Re7 Ne5 36. c5 Rxb4 37. cxd6 Rc4+ 38. Kb2 Rb4+ 39. Ka3
Nd3 40. Re3 1-0

[Event "Cto Aragón Equipos Div.  Honor F. Desce"]
[Site "Aragon"]
[Date "2014.03.29"]
[Round "10.18"]
[White "Luis Vitalla, Fernando"]
[Black "Dominguez Bujeda, Jesus"]
[Result "1-0"]
[WhiteElo "2135"]
[BlackElo "2171"]
[PlyCount "65"]
[EventDate "2014.??.??"]
[WhiteTeam "Club atletismo Huesca"]
[BlackTeam "Teruel"]

1. d4 Nf6 2. c4 e6 3. Nc3 d5 4. Bg5 Be7 5. Nf3 h6 6. Bxf6 Bxf6 7. Qd2 O-O 8. e4
dxe4 9. Nxe4 Nc6 10. O-O-O b6 11. Qe3 Bb7 12. h4 Qe7 13. g4 Nb4 14. a3 Na2+ 15.
Kb1 Bxe4+ 16. Qxe4 Qxa3 17. Bd3 Nc3+ 18. bxc3 Qb3+ 19. Kc1 Qxc3+ 20. Bc2 g6 21.
Qd3 Qa5 22. h5 Be7 23. hxg6 Ba3+ 24. Kb1 Qb4+ 25. Qb3 fxg6 26. Qxb4 Bxb4 27.
Be4 Rad8 28. Rxh6 Rf4 29. Rxg6+ Kf8 30. Ng5 Rd6 31. Nxe6+ Rxe6 32. Rxe6 Rxf2
33. Rd3 1-0

[Event "Cto Aragón Equipos Div.  Honor F. Desce"]
[Site "Aragon"]
[Date "2014.03.29"]
[Round "10.19"]
[White "Martin Catalan, Juan Vicente"]
[Black "Gella Lopez, Angel"]
[Result "1-0"]
[WhiteElo "2102"]
[BlackElo "2084"]
[PlyCount "63"]
[EventDate "2014.??.??"]
[WhiteTeam "Teruel"]
[BlackTeam "Club atletismo Huesca"]

1. d4 Nf6 2. Nf3 c5 3. c3 b6 4. Bf4 Bb7 5. e3 g6 6. Bd3 Bg7 7. O-O O-O 8. h3 d6
9. Bh2 Nbd7 10. Qe2 Re8 11. Rd1 Qc8 12. Nbd2 d5 13. Ne5 Nxe5 14. Bxe5 Ne4 15.
Bxg7 Kxg7 16. f4 Nxd2 17. Rxd2 f6 18. Rf1 e5 19. fxe5 fxe5 20. Qf3 Rf8 21. Qg3
Qe6 22. Rdf2 Rxf2 23. Rxf2 Re8 24. Bb5 Re7 25. Be2 h5 26. Bxh5 exd4 27. exd4
cxd4 28. cxd4 Qe4 29. Kh2 Ba6 30. Rf4 Qb1 31. Bxg6 Qe1 32. Qg5 1-0

[Event "Cto Aragón Equipos Div.  Honor F. Desce"]
[Site "Aragon"]
[Date "2014.03.29"]
[Round "10.21"]
[White "Cabrera Moreno, Daniel"]
[Black "Gavin Roche, Enrique"]
[Result "1/2-1/2"]
[WhiteElo "2179"]
[BlackElo "2243"]
[PlyCount "44"]
[EventDate "2014.??.??"]
[WhiteTeam "L´Aurora Estadilla"]
[BlackTeam "ONCE CA Aragon"]

1. b3 d5 2. Bb2 Bg4 3. g3 Nd7 4. Bg2 c6 5. h3 Bh5 6. Nf3 Ngf6 7. O-O e6 8. d3
Bc5 9. Nbd2 O-O 10. e4 Qc7 11. e5 Ne8 12. g4 Bg6 13. Qe2 a5 14. a4 Qd8 15. Nd4
Qb6 16. N4f3 Nc7 17. Kh1 Na6 18. Nh4 Nb4 19. Rac1 Na2 20. Ra1 Nb4 21. Rac1 Na2
22. Ra1 Nb4 1/2-1/2

[Event "Cto Aragón Equipos Div.  Honor F. Desce"]
[Site "Aragon"]
[Date "2014.03.29"]
[Round "10.22"]
[White "Campos Hernandez, Antonio"]
[Black "Solano Lasierra, Javier"]
[Result "1-0"]
[WhiteElo "2173"]
[BlackElo "2181"]
[PlyCount "105"]
[EventDate "2014.??.??"]
[WhiteTeam "ONCE CA Aragon"]
[BlackTeam "L´Aurora Estadilla"]

1. d4 e6 2. Nf3 f5 3. g3 d5 4. Bg2 Nf6 5. O-O Bd6 6. c4 c6 7. b3 Qe7 8. Bb2 a5
9. Qc2 O-O 10. Nbd2 Ne4 11. Ne5 Nd7 12. f3 Nxe5 13. fxe4 Ng4 14. e5 Bb4 15. Qd3
Qg5 16. Nf3 Qe3+ 17. Kh1 Qxd3 18. exd3 Be7 19. Bc1 Re8 20. a3 b6 21. h3 Nh6 22.
Bxh6 gxh6 23. Rfc1 Ba6 24. a4 Rec8 25. Ng1 Bg5 26. Rf1 Bb7 27. Ne2 h5 28. Nf4
Re8 29. Nxh5 Rad8 30. c5 Be3 31. Nf6+ Kg7 32. Nxe8+ Rxe8 33. cxb6 Bxd4 34. Rab1
c5 35. g4 fxg4 36. hxg4 Bxe5 37. Rbe1 Bc3 38. Re3 Re7 39. Rf5 Bf6 40. Rf1 e5
41. Rfe1 h6 42. R3e2 Re6 43. Rc1 Be7 44. d4 e4 45. dxc5 Kf6 46. Rec2 Rc6 47.
Rf1+ Ke5 48. Rf5+ Ke6 49. Rc1 Bxc5 50. Bxe4 Rxb6 51. Rxc5 dxe4 52. Rb5 e3+ 53.
Kg1 1-0

[Event "Cto Aragón Equipos Div.  Honor F. Desce"]
[Site "Aragon"]
[Date "2014.03.29"]
[Round "10.23"]
[White "Escuer Sanchez, Nestor"]
[Black "Laliena Solanes, Luis"]
[Result "1/2-1/2"]
[WhiteElo "2047"]
[BlackElo "2147"]
[PlyCount "131"]
[EventDate "2014.??.??"]
[WhiteTeam "L´Aurora Estadilla"]
[BlackTeam "ONCE CA Aragon"]

1. c4 e5 2. g3 Nf6 3. Bg2 Nc6 4. Nc3 Bc5 5. e3 d5 6. Nxd5 Nxd5 7. cxd5 Nb4 8.
d3 Nxd5 9. a3 O-O 10. Ne2 Bg4 11. Qc2 Bb6 12. Nc3 c6 13. O-O Qd7 14. Na4 Rfd8
15. Nxb6 Nxb6 16. f3 Bf5 17. e4 Be6 18. Rd1 Qd4+ 19. Kf1 c5 20. Qf2 Qxf2+ 21.
Kxf2 Bb3 22. Rd2 Rd6 23. Bf1 Rad8 24. Ke1 Na4 25. Rg2 c4 26. dxc4 Rd1+ 27. Kf2
R8d4 28. Be2 Rh1 29. Rg1 Rxh2+ 30. Rg2 Rxg2+ 31. Kxg2 Bxc4 32. Bxc4 Rxc4 33. b3
Rc2+ 34. Kh3 Nc5 35. Be3 Rc3 36. Rd1 Ne6 37. Bxa7 Rxf3 38. a4 Rxb3 39. a5 Kf8
40. Bb6 Ke7 41. Rc1 Kd7 42. Rd1+ Kc6 43. Rc1+ Kb5 44. Rd1 Nd4 45. Bxd4 exd4 46.
Rxd4 Kxa5 47. Rd7 b5 48. Rxf7 Re3 49. Rxg7 Rxe4 50. Rxh7 b4 51. Ra7+ Kb6 52.
Ra1 b3 53. g4 Kc5 54. Kg3 b2 55. Rb1 Rb4 56. g5 Kd5 57. Kf3 Kc4 58. Kf4 Kc3+
59. Kf5 Kc2 60. Rxb2+ Rxb2 61. g6 Kd3 62. g7 Rb8 63. Kf6 Ke4 64. Kf7 Kf5 65.
g8=Q Rxg8 66. Kxg8 1/2-1/2

[Event "Cto Aragón Equipos Div.  Honor F. Desce"]
[Site "Aragon"]
[Date "2014.03.29"]
[Round "10.24"]
[White "Cobo Garrido, Diego Israel"]
[Black "Felez Casedas, Carlos"]
[Result "1-0"]
[WhiteElo "2045"]
[BlackElo "2019"]
[PlyCount "41"]
[EventDate "2014.??.??"]
[WhiteTeam "ONCE CA Aragon"]
[BlackTeam "L´Aurora Estadilla"]

1. e4 e5 2. Nf3 Nf6 3. Nc3 Nc6 4. d4 exd4 5. Nxd4 Bb4 6. Nxc6 bxc6 7. Bd3 d5 8.
exd5 cxd5 9. O-O O-O 10. Bg5 c6 11. Qf3 Be7 12. Rae1 Rb8 13. Ne2 h6 14. Bxh6
gxh6 15. Qg3+ Ng4 16. h3 Bd6 17. f4 h5 18. hxg4 Bc5+ 19. Kh1 hxg4 20. f5 Rb4
21. f6 1-0

[Event "Cto Aragón Equipos Div.  Honor F. Desce"]
[Site "Aragon"]
[Date "2014.03.29"]
[Round "10.25"]
[White "Hefty, Jorge W"]
[Black "Ramon Perez, Jose Luis"]
[Result "1/2-1/2"]
[WhiteElo "2342"]
[BlackElo "2238"]
[PlyCount "65"]
[EventDate "2014.??.??"]
[WhiteTeam "IberCaja"]
[BlackTeam "Agrupacion"]

1. d4 Nf6 2. c4 c5 3. d5 b5 4. cxb5 a6 5. b6 d6 6. Nc3 g6 7. e4 Qxb6 8. Nf3 Bg7
9. Be2 O-O 10. O-O Nbd7 11. a4 Rb8 12. Nd2 Ne5 13. h3 g5 14. Nc4 Nxc4 15. Bxc4
g4 16. hxg4 Nxg4 17. Be2 h5 18. Qd3 f5 19. exf5 Bxf5 20. Qxa6 Qd8 21. Bxg4 hxg4
22. Qe2 Qe8 23. Bf4 Qg6 24. Rfe1 Bd3 25. Qd2 Rb4 26. Bg3 Rfb8 27. Rxe7 Rxb2 28.
Rxg7+ Kxg7 29. Qf4 Rf8 30. Qe3 Re8 31. Qf4 Rf8 32. Qe3 Re8 33. Qf4 1/2-1/2

[Event "Cto Aragón Equipos Div.  Honor F. Desce"]
[Site "Aragon"]
[Date "2014.03.29"]
[Round "10.26"]
[White "Mimbela Lopez, Miguel A"]
[Black "Baron Rodriguez, Jorge"]
[Result "0-1"]
[WhiteElo "2173"]
[BlackElo "2276"]
[PlyCount "114"]
[EventDate "2014.??.??"]
[WhiteTeam "Agrupacion"]
[BlackTeam "IberCaja"]

1. d4 d5 2. c4 e6 3. Nc3 Nf6 4. cxd5 exd5 5. Bg5 Be7 6. e3 O-O 7. Qc2 c6 8. Bd3
Nbd7 9. Nge2 Re8 10. O-O-O Ne4 11. Bxe4 dxe4 12. Bf4 Nf6 13. Nxe4 Nxe4 14. Qxe4
Be6 15. Nc3 Qa5 16. Qc2 b5 17. Kb1 b4 18. Na4 Qd5 19. Nc5 Bxc5 20. Qxc5 Qxa2+
21. Kc1 a5 22. Qc2 Bb3 23. Qb1 Qxb1+ 24. Kxb1 Bxd1 25. Rxd1 f6 26. Rc1 Ra6 27.
Rc5 Rd8 28. Kc2 Rd5 29. Rc4 Rb5 30. Bd6 Kf7 31. Kd3 Rg5 32. g3 Ke6 33. Bf8 Ra8
34. Bc5 Rh5 35. h4 g5 36. hxg5 fxg5 37. Bb6 Kd7 38. e4 Ra6 39. Bc5 Rh1 40. Rc2
Ra8 41. Re2 h5 42. e5 Ke6 43. f4 Rf1 44. Ke4 Rg8 45. Rh2 Re1+ 46. Kf3 g4+ 47.
Kf2 Rb1 48. Ke3 Rh8 49. Kd3 Rh7 50. Re2 Rf7 51. Ke4 Rg1 52. Rd2 Re1+ 53. Kd3 h4
54. gxh4 Rxf4 55. Rg2 Rh1 56. Ke3 Rf3+ 57. Ke2 Rxh4 0-1

[Event "Cto Aragón Equipos Div.  Honor F. Desce"]
[Site "Aragon"]
[Date "2014.03.29"]
[Round "10.27"]
[White "Sanchez Castro, Roberto"]
[Black "Carruez Berges, Santiago"]
[Result "0-1"]
[WhiteElo "2012"]
[BlackElo "2144"]
[PlyCount "84"]
[EventDate "2014.??.??"]
[WhiteTeam "IberCaja"]
[BlackTeam "Agrupacion B"]

1. Nf3 g6 2. g3 Bg7 3. Bg2 e5 4. e4 Nc6 5. d3 Nge7 6. O-O O-O 7. Nbd2 d6 8. c3
h6 9. Re1 Be6 10. Kh1 Qd7 11. Ng1 f5 12. f3 Rad8 13. Qe2 d5 14. Nb3 b6 15. Be3
a5 16. Rad1 a4 17. Nc1 d4 18. Bd2 a3 19. b3 dxc3 20. Bxc3 Nd4 21. Qd2 f4 22. g4
Nec6 23. Nce2 Nb5 24. h3 Rf7 25. Bf1 Bf8 26. Kg2 Bc5 27. Qc1 Qe7 28. d4 exd4
29. Bd2 d3 30. Nxf4 Qh4 31. Nxd3 Bxg1 32. Kxg1 Qg3+ 33. Bg2 Rxd3 34. Bf4 Rxd1
35. Rxd1 Qxf4 36. Qxc6 Qe5 37. Qe8+ Kg7 38. Rd8 Qc5+ 39. Kh2 Rf8 40. Qxf8+ Qxf8
41. Rxf8 Kxf8 42. f4 Bxb3 0-1

[Event "Cto Aragón Equipos Div.  Honor F. Desce"]
[Site "Aragon"]
[Date "2014.03.29"]
[Round "10.28"]
[White "Martinez Asensio, Juan Miguel"]
[Black "Garcia Monterde, Francisco Jos"]
[Result "1-0"]
[WhiteElo "2095"]
[BlackElo "1986"]
[PlyCount "101"]
[EventDate "2014.??.??"]
[WhiteTeam "Agrupacion"]
[BlackTeam "IberCaja"]

1. c4 e5 2. g3 Nf6 3. Bg2 d5 4. cxd5 Nxd5 5. Nf3 Nc6 6. O-O Nb6 7. d3 Be7 8. a3
a5 9. b3 Be6 10. Nbd2 f6 11. Bb2 O-O 12. Qc2 Qd7 13. Rfe1 Rfd8 14. Rad1 Bf8 15.
Nc4 Nxc4 16. bxc4 Qf7 17. Rb1 Rab8 18. Bc1 Bc5 19. Rf1 Qe7 20. Qa4 Qd6 21. Bb2
Qd7 22. Qb5 Bf8 23. Nd2 Kh8 24. Nb3 a4 25. Nc5 Bxc5 26. Qxc5 Ne7 27. Bc3 c6 28.
f4 exf4 29. Rxf4 Ng6 30. Rd4 Qc7 31. Ba5 b6 32. Rxb6 Rxd4 33. Qxd4 Ne5 34.
Rxb8+ Qxb8 35. Qd8+ Qxd8 36. Bxd8 Kg8 37. Bc7 Bd7 38. Bxe5 fxe5 39. c5 Kf7 40.
Kf2 g5 41. e3 h5 42. d4 Ke6 43. Bh3+ g4 44. Bg2 Be8 45. Ke2 exd4 46. exd4 Kd7
47. Be4 Bf7 48. Bc2 Bb3 49. Bxb3 axb3 50. Kd2 Ke6 51. a4 1-0

[Event "Cto Aragón Equipos Div.  Honor F. Desce"]
[Site "Aragon"]
[Date "2014.03.29"]
[Round "10.29"]
[White "Sanmartin Agustin, Borja"]
[Black "Fernandez Rubio, Rafael"]
[Result "0-1"]
[WhiteElo "2024"]
[BlackElo "2021"]
[PlyCount "142"]
[EventDate "2014.??.??"]
[WhiteTeam "El Olivar B"]
[BlackTeam "Tauste"]

1. e4 d6 2. d4 Nf6 3. Nc3 e5 4. dxe5 dxe5 5. Qxd8+ Kxd8 6. Bc4 Be6 7. Bxe6 fxe6
8. Bg5 Bd6 9. Nf3 h6 10. Bh4 a6 11. O-O-O Ke7 12. Nd2 Nc6 13. Nc4 b5 14. Ne3 g5
15. Bg3 b4 16. Ne2 Nxe4 17. f3 Nf6 18. Nc4 Nd5 19. Rhe1 Rhg8 20. Rd2 Rad8 21.
Kb1 Nb6 22. Nxb6 cxb6 23. Nc1 Bc7 24. Nd3 Rd5 25. Re4 a5 26. Rc4 Kd7 27. c3 b5
28. Re4 bxc3 29. bxc3 Bb8 30. Kc2 Rc8 31. Nxe5+ Nxe5 32. Bxe5 b4 33. c4 Bxe5
34. Rxe5 Rxc4+ 35. Kd1 Kd6 36. Re3 Rxd2+ 37. Kxd2 Kd5 38. a3 a4 39. axb4 Rxb4
40. Kc2 e5 41. Re1 a3 42. Ra1 Rb2+ 43. Kc3 Rxg2 44. Rxa3 Rxh2 45. Kd3 Rh3 46.
Ra5+ Ke6 47. Ke4 Rh4+ 48. Ke3 Kf5 49. Ra8 Rb4 50. Rf8+ Kg6 51. Re8 Rb3+ 52. Ke4
Rb1 53. Re6+ Kh5 54. Kd3 Rb3+ 55. Ke4 Rb5 56. Ke3 Ra5 57. Ke4 Ra4+ 58. Ke3 e4
59. fxe4 g4 60. Kf4 Ra1 61. Kg3 Ra3+ 62. Kf2 Kg5 63. Re8 h5 64. e5 Ra2+ 65. Kf1
h4 66. e6 h3 67. Rg8+ Kf4 68. e7 h2 69. Rh8 Kf3 70. Rf8+ Kg3 71. Rh8 Ra8 0-1

[Event "Cto Aragón Equipos Div.  Honor F. Desce"]
[Site "Aragon"]
[Date "2014.03.29"]
[Round "10.30"]
[White "Sierra Aguerri, Joaquin"]
[Black "Galve Guinea, Alejandro"]
[Result "0-1"]
[WhiteElo "2018"]
[BlackElo "2037"]
[PlyCount "136"]
[EventDate "2014.??.??"]
[WhiteTeam "Tauste"]
[BlackTeam "El Olivar B"]

1. e4 e6 2. d4 d5 3. e5 c5 4. Nf3 Nc6 5. Bd3 cxd4 6. O-O f6 7. Re1 fxe5 8. Nxe5
Nxe5 9. Rxe5 Nf6 10. Bb5+ Kf7 11. Qxd4 Bd6 12. Re1 Qc7 13. Nc3 Rf8 14. Qh4 Kg8
15. Bd3 a6 16. a4 Bd7 17. a5 Rae8 18. Bg5 h6 19. Be3 Re7 20. f4 Bb5 21. Bb6
Bc5+ 22. Bxc5 Qxc5+ 23. Qf2 Qxf2+ 24. Kxf2 d4 25. Ne2 Nd5 26. Kg3 Ref7 27. f5
e5 28. Be4 Ne3 29. Nc1 Nxf5+ 30. Bxf5 Rxf5 31. h3 Rg5+ 32. Kh2 Rf2 33. Rg1 Bc6
34. h4 Rgxg2+ 35. Rxg2 Rxg2+ 36. Kh3 Rg1 37. Nb3 Rxa1 38. Nxa1 Kf7 39. Kg4 Kf6
40. Nb3 Ba4 41. Nc5 Bxc2 42. Kf3 Kf5 43. h5 Bd1+ 44. Kf2 Bxh5 45. Nxb7 e4 46.
Nc5 e3+ 47. Ke1 Ke5 48. Nd3+ Ke4 49. Nc5+ Kd5 50. Nxa6 Kc4 51. b3+ Kxb3 52.
Nc5+ Kc4 53. Nb7 Kb5 54. Nd6+ Kxa5 55. Nf5 Bg4 56. Nxd4 h5 57. Nc2 e2 58. Ne3
Be6 59. Kxe2 Kb4 60. Kf3 Kc3 61. Kg3 g5 62. Nf1 Kd3 63. Kf2 h4 64. Kf3 g4+ 65.
Kf4 Ke2 66. Nh2 g3 67. Nf3 g2 68. Ng1+ Kf2 0-1

[Event "Cto Aragón Equipos Div.  Honor F. Desce"]
[Site "Aragon"]
[Date "2014.03.29"]
[Round "10.31"]
[White "De La Riva Fernandez, Eduardo"]
[Black "Sancho Casale, Jesus"]
[Result "1/2-1/2"]
[WhiteElo "1965"]
[BlackElo "1968"]
[PlyCount "130"]
[EventDate "2014.??.??"]
[WhiteTeam "El Olivar B"]
[BlackTeam "Tauste"]

1. e4 e5 2. Nf3 Nf6 3. Nxe5 d6 4. Nf3 Nxe4 5. Nc3 Nxc3 6. dxc3 Be7 7. Be2 O-O
8. O-O Bf6 9. Be3 Nc6 10. Re1 Ne5 11. h3 Be6 12. Nd4 Bd5 13. Nf3 c6 14. Nd2 Bh4
15. c4 Be6 16. b3 f5 17. Nf3 Bf6 18. Rb1 Bf7 19. Nd4 Qd7 20. f4 Ng6 21. Nf3
Rfe8 22. Qd2 Re7 23. Bd3 Nf8 24. Bd4 Bxd4+ 25. Nxd4 g6 26. Rxe7 Qxe7 27. Re1
Qd7 28. Re2 Re8 29. Qe1 Rxe2 30. Qxe2 Qe8 31. Kf2 Qxe2+ 32. Bxe2 Nd7 33. g4
fxg4 34. hxg4 Nf6 35. a4 a5 36. Ke3 Kf8 37. g5 Ne8 38. Bg4 Ke7 39. Ke4 Nc7 40.
f5 d5+ 41. cxd5 Bxd5+ 42. Ke5 gxf5 43. Nxf5+ Kf8 44. Nd6 b6 45. Bf5 Kg7 46. Bd3
h5 47. gxh6+ Kxh6 48. c4 Bg8 49. Nf5+ Kg5 50. Ne7 Bf7 51. Nxc6 Na6 52. Kd6 Nc5
53. Bc2 Kf4 54. Nxa5 Nxa4 55. bxa4 Ke3 56. Nc6 Bxc4 57. Kc7 Kd2 58. Kxb6 Kxc2
59. a5 Kc3 60. Na7 Kb4 61. Nc6+ Ka4 62. Ne5 Be2 63. Nd7 Bf1 64. Nc5+ Kb4 65.
Nb7 Ka4 1/2-1/2

[Event "Cto Aragón Equipos Div.  Honor F. Desce"]
[Site "Aragon"]
[Date "2014.03.29"]
[Round "10.32"]
[White "Bogomilov Georgiev, Georgi Ii"]
[Black "Hernandez Delgado, Gabriel"]
[Result "1/2-1/2"]
[WhiteElo "1931"]
[BlackElo "1931"]
[PlyCount "112"]
[EventDate "2014.??.??"]
[WhiteTeam "Tauste"]
[BlackTeam "El Olivar B"]

1. e4 d5 2. exd5 Nf6 3. Bb5+ Bd7 4. Bc4 Bg4 5. f3 Bf5 6. g4 Bc8 7. Nc3 Nbd7 8.
g5 Nb6 9. Bb5+ Nfd7 10. d4 a6 11. Bd3 Nb8 12. Be4 c6 13. dxc6 Nxc6 14. d5 Ne5
15. Bf4 Nec4 16. Qd4 Nd6 17. O-O-O Bd7 18. Bxd6 exd6 19. f4 Qc7 20. Nge2 O-O-O
21. Ng3 Kb8 22. Rde1 Qc5 23. Qxc5 dxc5 24. b3 c4 25. Rd1 Bd6 26. Rhf1 Bh3 27.
Rf2 Bc5 28. Rdd2 Bxf2 29. Rxf2 cxb3 30. axb3 g6 31. Rd2 Nc8 32. Nce2 Nd6 33. c4
Rhe8 34. Nc3 Rc8 35. Ra2 Bf5 36. Nxf5 gxf5 37. Bd3 Re3 38. Kd2 Rh3 39. Ne2 Rxh2
40. Kc3 Nb5+ 41. Kb4 Nd4 42. Nxd4 Rxa2 43. Nxf5 Rf2 44. Nd6 Rf8 45. Bxh7 Rxf4
46. Kc5 Kc7 47. Ne4 b6+ 48. Kd4 f5 49. gxf6 R8xf6 50. Ke5 Rxe4+ 51. Bxe4 Rh6
52. b4 Rh5+ 53. Kd4 Rh4 54. c5 bxc5+ 55. bxc5 Rh6 56. d6+ Rxd6+ 1/2-1/2

[Event " Cto de Aragon Equipos  Play-offs Pref "]
[Site "Zaragoza"]
[Date "2014.03.30"]
[Round "10.33"]
[White "Hinojar Basa, Alfonso"]
[Black "Gracia Suarez, Jesus"]
[Result "1-0"]
[WhiteElo "2201"]
[BlackElo "2115"]
[PlyCount "37"]
[EventDate "2014.??.??"]
[WhiteTeam "Marcos Frechin"]
[BlackTeam "Sta Isabel"]

1. e4 c5 2. Nf3 Nc6 3. d4 cxd4 4. Nxd4 Nf6 5. Nc3 d6 6. Bg5 Bd7 7. Qd2 Rc8 8.
f4 Nxd4 9. Qxd4 Qa5 10. e5 dxe5 11. fxe5 e6 12. O-O-O Bc6 13. Bb5 Bxb5 14. exf6
g6 15. Rhe1 h6 16. Rxe6+ fxe6 17. f7+ Kxf7 18. Qf6+ Kg8 19. Qxg6+ 1-0

[Event " Cto de Aragon Equipos  Play-offs Pref "]
[Site "Zaragoza"]
[Date "2014.03.30"]
[Round "10.34"]
[White "Garcia Gracia, Victor Hugo"]
[Black "Sebastian Bespin, Ruben"]
[Result "1/2-1/2"]
[WhiteElo "1980"]
[BlackElo "2153"]
[PlyCount "53"]
[EventDate "2014.??.??"]
[WhiteTeam "Sta Isabel"]
[BlackTeam "Marcos Frechin"]

1. e4 e6 2. d4 d5 3. Nd2 Nf6 4. e5 Nfd7 5. Bd3 c5 6. c3 Nc6 7. Ne2 cxd4 8. cxd4
Qb6 9. Nf3 f6 10. exf6 Nxf6 11. O-O Bd6 12. Bf4 Bxf4 13. Nxf4 O-O 14. Qd2 Bd7
15. Rfe1 Rae8 16. Rad1 Kh8 17. Ng5 e5 18. dxe5 Nxe5 19. Bb1 Nc4 20. Qc2 Qxb2
21. Nxh7 Rxe1+ 22. Rxe1 Qxc2 23. Bxc2 Nxh7 24. Ng6+ Kg8 25. Ne7+ Kh8 26. Ng6+
Kg8 27. Ne7+ 1/2-1/2

[Event " Cto de Aragon Equipos  Play-offs Pref "]
[Site "Zaragoza"]
[Date "2014.03.30"]
[Round "10.36"]
[White "Perez Boy, Pedro"]
[Black "Ciriano Lamban, Alejandro"]
[Result "0-1"]
[WhiteElo "1829"]
[BlackElo "1818"]
[PlyCount "100"]
[EventDate "2014.??.??"]
[WhiteTeam "Sta Isabel"]
[BlackTeam "Marcos Frechin"]

1. e4 c5 2. Nf3 d6 3. d4 cxd4 4. Nxd4 Nf6 5. Nc3 a6 6. Be2 e5 7. Nb3 Be7 8. O-O
O-O 9. Be3 Be6 10. Nd2 d5 11. exd5 Nxd5 12. Nxd5 Bxd5 13. Nc4 Bxc4 14. Bxc4 Qc7
15. Bb3 Nc6 16. c3 Rad8 17. Qg4 Na5 18. Rad1 Nxb3 19. axb3 f5 20. Qe2 f4 21.
Bd2 Bd6 22. f3 Qb6+ 23. Kh1 Qxb3 24. Be1 g5 25. Bf2 Qe6 26. Rfe1 Rfe8 27. Qe4
Rd7 28. Rd5 Bb8 29. Red1 Red8 30. Rxd7 Rxd7 31. Re1 Qd5 32. Qf5 Qd2 33. Rb1 Qd3
34. Qxd3 Rxd3 35. Kg1 Kf7 36. Kf1 Ke6 37. Ke2 Rd5 38. Rd1 Rxd1 39. Kxd1 Kd5 40.
h3 e4 41. fxe4+ Kxe4 42. Ke2 h5 43. Bb6 g4 44. hxg4 hxg4 45. Bd4 b5 46. b4 f3+
47. gxf3+ gxf3+ 48. Kf2 Bf4 49. Ba7 Bg5 50. Kg3 Bd2 0-1

[Event " Cto de Aragon Equipos  Play-offs Pref "]
[Site "Zaragoza"]
[Date "2014.03.30"]
[Round "10.38"]
[White "Aguirre Izaguirre, Pedro Jose"]
[Black "Sacristan Latorre, Alberto"]
[Result "0-1"]
[WhiteElo "2206"]
[BlackElo "2061"]
[PlyCount "94"]
[EventDate "2014.??.??"]
[WhiteTeam "IberCaja B "]
[BlackTeam "CMU Pedro Cerbuna"]

1. c4 e5 2. Nc3 Nc6 3. g3 g6 4. Bg2 Bg7 5. e4 d6 6. Nge2 f5 7. d3 Nf6 8. O-O
O-O 9. h3 Be6 10. b3 Nd4 11. Be3 Nxe2+ 12. Nxe2 Qd7 13. Kh2 f4 14. gxf4 Nh5 15.
f5 gxf5 16. exf5 Bxf5 17. d4 Rae8 18. Qd2 exd4 19. Nxd4 Be4 20. Rae1 c5 21. Ne2
Bxg2 22. Kxg2 Qc6+ 23. Qd5+ Qxd5+ 24. cxd5 Rf5 25. Rd1 Ree5 26. Rg1 Rxd5 27.
Rxd5 Rxd5 28. Kf3 Kf7 29. Ke4 Nf6+ 30. Kf3 Rf5+ 31. Kg2 Nd5 32. Bd2 b5 33. f4
b4 34. Rd1 Bc3 35. Bc1 Ke6 36. Kf3 Rh5 37. Kg3 Nf6 38. Nxc3 bxc3 39. Rd3 Rd5
40. Re3+ Kf5 41. Kf3 Rd4 42. Rxc3 Nd5 43. Rc4 Rd3+ 44. Kg2 Rc3 45. Bd2 Rxc4 46.
bxc4 Nxf4+ 47. Kf3 Nd3 0-1